Statistics for Viva Piñata Species

Click here to take the quiz!

General Stats

  • This quiz has been taken 77 times
  • The average score is 40 of 87

Answer Stats

HintAnswer% Correct
Bunny + HoneycombBunnycomb
91%
Doe + DoughnutDoenut
77%
Monkey + CinnamonCinnamonkey
73%
Hedgehog + FudgeFudgehog
73%
Baboon + BonbonBonboon
68%
Crow +ColaCrowla
68%
Elephant + VanillaElephanilla
68%
Mouse + MarshmallowMousemallow
68%
Newt + NougatNewtgat
68%
Ant + RaisantRaisant
68%
Badger + PopsicleBadgesicle
64%
Dog + Almond barkBarkbark
64%
Bee + BubblegumBuzzlegum
64%
Camel + CaramelloCamello
64%
Canary + CandyCandary
64%
Unicorn + Chewing gumChewnicorn
64%
Dragonfly + GumDragumfly
64%
Grizzly Bear + FizzyFizzlybear
64%
Moth + DropMothdrop
64%
Ladybug + BiscottiBispotti
59%
Buzzard + LozengeBuzzenge
59%
Dragon + GanacheDragonache
59%
Horse + PistachioHorstachio
59%
Penguin + GumPengum
59%
Mole + ProfiteroleProfitamole
59%
Bat + SherbertSherbat
59%
Swan + BananaSwanana
59%
Spider + Rock CandyArocknid
55%
Turtle (Terrapin) + CherryCherrapin
55%
Chicken + ChucklesCluckles
55%
Crocodile + CocoaCocoadile
55%
Eagle + EclairEaglair
55%
Toad + LicoriceLickatoad
55%
Cow + MarzipanMoozipan
55%
Salamander + MangoSalamango
55%
Sparrow + MintSparrowmint
55%
Hippopotamus + ChipsChippopotamus
50%
Diplodocus + ChocolateChoclodocus
50%
Gecko + CookieGeckie
50%
Chameleon + JamJameleon
50%
Fox + PretzlPretztail
50%
Pidgeon + PuddingPudgeon
50%
Snail + JellybeanShellybean
50%
Ostrich + ChocolateChocstrich
45%
Goose + Juicy JuiceJuicygoose
45%
Cat (Kitten) + Candy FlossKittyfloss
45%
Raccoon + MacaronMacaracoon
45%
Wolf + Mallow crispMallowolf
45%
Armadillo + Parma VioletsParmadillo
45%
Duck + BlacberryQuackberry
45%
Wurm + WhirlsWhirlm
45%
Galago + Googoo clusterGalagoogoo
41%
Sheep + GoobersGoobaa
41%
Poison Dart Frog + LakrisalLackatoad
41%
Pig + Pixie StickPigxie
41%
Pony + PockyPonocky
41%
Pig + RaspberryRashberry
41%
Lion + OreoRoario
41%
Beetle + SweetsSweetle
41%
Serpent + SyrupSyrupent
41%
Fly + ToffeeTaffly
41%
Hydra + WarheadsFourheads
36%
Rhinoceros + LimeLimeoceros
36%
Robin + JellybeanRobean
36%
Zebra + HumbugsZumbug
36%
Crab + CustardCustacean
32%
Yeti + JellyJeli
32%
Warthog + YoghurtHoghurt
27%
Owl + Tutti fruityHootyfruity
27%
Hyena + PiePieena
27%
Gorilla + SarsaparillaSarsgorilla
27%
Partridge + TartTartridge
27%
Tiger + TiramisuTigermisu
27%
Yak + PancakesFlapyak
23%
Polar bear + LollyPolollybear
23%
Skunk + Peach MelbaSmelba
23%
Scorpion + S'moresS'morepion
23%
Squirrel + Swizzle stickSquazzil
23%
Two-Headed Snake + GingersnapTwingersnap
23%
Moose + JujubeMoojoo
18%
Beaver + Sweet toothSweetooth
18%
Vulture + ChurrosVulchurro
18%
Walrus + RuskWalrusk
18%
Peacock + Pick 'n' MixPeckanmix
14%
Butterfly + Butterscotch(White) Flutterscotch
14%
Parrot + HarriboParrybo
9%
Firefly + Red hotsReddhott
9%

Score Distribution

Percentile by Number Answered

Percent of People with Each Score

Your Score History

You have not taken this quiz